00546nam a2200181Ia 4500003000500000008004100005020001800046040001900064082000700083100001600090245004100106260004400147300000800191546001200199942001200211999001700223952012400240STCL181203s9999 xx 000 0 und d a9788173819513 aSTCLbENcSTCL 222 aPaul, S.Kr. 0aPractical Financial Accounts: Part 1 bNew Central Book Agency aKolkatac2015 a984 aEnglish 2ddccBK c85391d85391 00102ddc4070aSTCALbSTCALcGENd2018-12-03l1m1o657 PAU-Pp93906r2019-03-21 00:00:00s2019-03-06w2018-12-03yBK